Единицы физических величин и их размерности: Учебно-справочное руководство

Bibliografische gegevens
Hoofdauteur: Сена Л. А. Лев Аронович
Taal:Russisch
Gepubliceerd in: Москва, Наука, 1988
Editie:3-е изд., перераб. и доп.
Onderwerpen:
Formaat: Boek
KOHA link:https://koha.lib.tpu.ru/cgi-bin/koha/opac-detail.pl?biblionumber=32837

MARC

LEADER 00000nam0a2200000 4500
001 32837
005 20231101210123.0
010 |a 5020138487 
035 |a (RuTPU)RU\TPU\book\33140 
035 |a BOOK00000057 
090 |a 32837 
100 |a 20011210d1988 km y0rusy50 ca 
101 0 |a rus 
102 |a RU 
105 |a a gj 001zy 
200 1 |a Единицы физических величин и их размерности  |e Учебно-справочное руководство  |f Л. А. Сена 
205 |a 3-е изд., перераб. и доп. 
210 |a Москва  |c Наука  |d 1988 
215 |a 430 с.  |c ил. 
320 |a Библиогр.: с. 418-419. 
320 |a Предм. указ.: с. 420-431. 
610 1 |a физика 
610 1 |a физические величины 
610 1 |a размерности 
610 1 |a единицы 
610 1 |a справочники 
675 |a 53.08(03)  |v 3 
700 1 |a Сена  |b Л. А.  |c российский физик, доктор физико-математических наук, профессор  |c Лейб Иегуда бен Аарон Зелик Сена  |f 1907-1996  |g Лев Аронович  |2 stltpush  |3 (RuTPU)RU\TPU\pers\7866  |9 1531 
801 0 |a RU  |b 63413507  |c 20011210  |g PSBO 
801 2 |a RU  |b 63413507  |c 20161206  |g PSBO 
942 |c BK